| 000 | 00362nam a22001457a 4500 | ||
|---|---|---|---|
| 005 | 20150828100416.0 | ||
| 008 | 150828b xxu||||| |||| 00| 0 eng d | ||
| 040 | _cPK-LaUMT | ||
| 082 |
_aKHC 954.035 _bLAL-P |
||
| 100 | _aLal Khan | ||
| 245 |
_aPartition _bcan it be undone? _cLal Khan |
||
| 260 |
_aLahore _bThe struggle _c2001 |
||
| 300 | _a225 p. | ||
| 942 | _cBK | ||
| 999 |
_c75163 _d75163 |
||